Nutrición y dieta: (Registro nro. 1880)
[ vista simple ]
| 000 -CABECERA | |
|---|---|
| Campo de control interno | 00929nam a22003017a 4500 |
| 005 - FECHA Y HORA DE LA CATALOGACION | |
| Campo de control | 20260408095101.0 |
| 008 - ELEMENTOS DE LONGITUD FIJA - INFORMACION | |
| Elementos de Longitud Fija - Informaci | 260408t2021 mx ||||| |||| 00| 0 spa d |
| 020 ## - ISBN | |
| ISBN | 978-607-15-1053-2 |
| 040 ## - ORIGEN DE LA CATALOGACION | |
| Origen de la Catalogación | Iste |
| 041 ## - CODIGO DE LENGUAJE | |
| Código de lenguaje del texto | spa |
| 044 ## - CODIGO ISO DE PAIS | |
| Código ISO de País | mx |
| 082 ## - NUMERO DE CLASIFICACION CDU | |
| Clasificacion | 612.39 |
| Cutter | Er28 |
| 100 ## - AUTOR PERSONAL | |
| Autor Personal | Erdman, John |
| Titulos u otras palabras asociadas al nombre | Autor |
| Rol del Autor | Autor |
| 9 (RLIN) | 9514 |
| 245 ## - TÍTULO GENERAL | |
| Título | Nutrición y dieta: |
| Subtítulo | en la prevención de enfermedades |
| 250 ## - EDICION | |
| Edición | 10a. ed. |
| 260 ## - EDITORIAL | |
| Ciudad - País | México - México |
| Nombre de la Editorial | McGraw Hill |
| Fecha | 2021 |
| 300 ## - DESCRIPCION | |
| Número de páginas | 1101 páginas, |
| Información descriptiva | gráficos, ilustraciones, tablas. |
| 650 ## - DESCRIPTORES - TEMAS | |
| Temas - Descriptores | SISTEMAS PARA LA NUTRICIÓN |
| 9 (RLIN) | 9515 |
| 650 ## - DESCRIPTORES - TEMAS | |
| Temas - Descriptores | EPIGENÉTICA NUTRICIONAL |
| 9 (RLIN) | 9516 |
| 650 ## - DESCRIPTORES - TEMAS | |
| Temas - Descriptores | METABOLÓMICA |
| 9 (RLIN) | 9517 |
| 650 ## - DESCRIPTORES - TEMAS | |
| Temas - Descriptores | FIBRA DIETETICA |
| 9 (RLIN) | 9518 |
| 650 ## - DESCRIPTORES - TEMAS | |
| Temas - Descriptores | NIACINA |
| 9 (RLIN) | 9519 |
| 653 ## - CATEGORIAS | |
| Categorías Secundarias | TECNOLOGÍA Y CIENCIAS MÉDICAS |
| 653 ## - CATEGORIAS | |
| Categorías Secundarias | NUTRICIÓN |
| 700 ## - COAUTOR PERSONAL | |
| Coautor Personal | Mavdonald, Ian |
| Rol del autor | Autor |
| 9 (RLIN) | 9520 |
| 700 ## - COAUTOR PERSONAL | |
| Coautor Personal | Zeisel, Steven |
| Rol del autor | Autor |
| 9 (RLIN) | 9521 |
| 942 ## - ELEMENTOS DE KOHA | |
| Esquema de Clasificacion | Clasificación decimal universal |
| Tipo de Documento | Libros |
| Catalogador | Usuario Catalogador |
| Estatus retirado | Estado de pérdida | Fuente de Clasificacion | Estado de daño | No para préstamo | Carrera | Dependencia | Dependencia | Estado | Fecha de Adquisición | Vía de adquisición | Inventario | Total de préstamos | CDU | Código de barras | Visto por última vez | Numero de copia o ejemplar | Tipo de Item |
|---|---|---|---|---|---|---|---|---|---|---|---|---|---|---|---|---|---|
| Clasificación decimal universal | Enfermería | ISTE BG DRS | ISTE BG DRS | Disponible | 2026-04-08 | Donación | BLDS03592 | 612.39 Er28 | BG26040055 | 2026-04-08 | Ej. 1 | Libros |
